|
|
|
|
| LEADER |
00000nam a2200000 a 4500 |
| 001 |
vtls001399982 |
| 003 |
SK-MaSNL |
| 005 |
20260301201922.0 |
| 008 |
240318s2000 xo a r hun |
| 015 |
|
|
|a SNBA2001/02-00652
|
| 020 |
|
|
|a 8008031328
|
| 035 |
|
|
|a SNK000354450
|
| 035 |
|
|
|a urn:nbn:sk:snk-amyenx
|
| 035 |
|
|
|a urn:nbn:sk:snk-am00cfph
|
| 035 |
|
|
|a 5E17CE54-6398-4BB0-9997-B44338E47825
|
| 040 |
|
|
|a SNK
|b slo
|c SNK
|e AACR2
|
| 041 |
0 |
|
|a hun
|
| 044 |
|
|
|a xo
|c SK
|
| 080 |
|
|
|a 372.880.945.11:376.4(075.2)(076.5)=945.11
|2 1981
|
| 080 |
|
|
|a 376.4(075.2)(076.5)
|2 1981
|
| 100 |
1 |
|
|a Sima, va
|4 aut
|9 298556
|
| 245 |
1 |
0 |
|a Munkafüzet magyar nyelvből a kisegítő iskola 7. osztálya számára
|c Sima va, Hlavatyné M. Margit
|
| 260 |
|
|
|a Bratislava
|b Slovenské pedagogické nakladateľstvo
|c 2000
|
| 300 |
|
|
|a 120 s.
|b ilustr.
|c 29 cm
|
| 500 |
|
|
|a Ilustr. Fodor Kata
|
| 650 |
0 |
7 |
|a maďarčina
|x učebnice osobit. škôl (7. roč.) maď.
|x zošity pracovné
|2 SNK
|9 583190
|
| 655 |
|
7 |
|a učebnice
|2 SNK
|9 22521
|
| 700 |
1 |
|
|a Hlavatá, Margita,
|d 1930-
|4 aut
|9 210879
|
| 700 |
1 |
|
|a Fodor, Kata
|4 ill
|9 507587
|
| 919 |
|
|
|a 80-08-03132-8
|
| 958 |
|
|
|a TL
|
| 958 |
|
|
|a UX
|
| 958 |
|
|
|a HU
|
| 999 |
|
|
|c 896813
|d 898743
|
| 952 |
|
|
|t P60, <09>, [BOOK], {629}
|a SNK
|b SNK
|y NEVYP
|7 0
|o snkB 362
|i snk1160/20001116
|0 0
|1 0
|4 0
|d 2000-11-14
|l 0
|r 2005-01-02 00:00:00
|w 2026-02-24
|
| 952 |
|
|
|t P60, <03>, [BOOK], {603}
|a SNK
|b SNK
|y PREZ
|7 0
|p 17A0258461
|o snkSB 62551
|i snkKSP 12080/2000
|0 0
|1 0
|4 0
|d 2000-11-14
|f 1
|l 0
|r 2025-04-11 00:00:00
|w 2026-02-24
|
| 952 |
|
|
|t P60, <04>, [BOOK], {604}
|a SNK
|b SNK
|y VYP
|7 0
|p 17A0258462
|o snkSB 62551 D1
|i snkKSP 12081/2000
|0 0
|1 0
|4 0
|d 2000-11-14
|l 0
|r 2005-01-02 00:00:00
|w 2026-02-24
|